Statistics for Former Countries of the West Indies Federation

Click here to take the quiz!

General Stats

  • This quiz has been taken 47 times
  • The average score is 10 of 12

Answer Stats

Country% Correct
Saint Kitts and Nevis
97%
Trinidad and Tobago
97%
Barbados
95%
Jamaica
95%
Saint Vincent and the Grenadines
95%
Antigua and Barbuda
92%
Saint Lucia
92%
Dominica
89%
Grenada
84%
Guyana
74%
Belize
66%
United Kingdom
34%

Score Distribution

Percentile by Number Answered

Percent of People with Each Score

Your Score History

You have not taken this quiz